000 00238nam a22000857a 4500
999 _c11540
_d11540
008 190618b ||||| |||| 00| 0 eng d
100 _aLewis C.S
_97250
245 _aThe Lion ,the Witch and the Wardrobe
260 _a new york
_b the lion
_c1994